Statistics for F Marks the Spot

Click here to take the quiz!

General Stats

  • This quiz has been taken 31 times
  • The average score is 13 of 21

Answer Stats

Hint Answer % Correct
Rush hour problemTraffic
96%
Vampire slayerBuffy
89%
Less dangerousSafer
82%
FirearmRifle
82%
SasquatchBigfoot
75%
Dreadful, terribleAwful
71%
FragrancePerfume
68%
Communion offeringWafer
68%
Toreador's eventBullfight
68%
Employed driverChauffeur
68%
Crusoe creatorDefoe
64%
Military outfitUniform
64%
Admit wrongdoingConfess
64%
Crocus spiceSaffron
61%
European capitalSofia
57%
Cosa nostraMafia
57%
The Metamorphosis authorKafka
50%
Quickly, rapidlySwiftly
36%
Trumpet callFanfare
32%
Concealed from viewCamouflaged
21%
Important, notableSignificant
14%

Score Distribution

Percentile by Number Answered

Percent of People with Each Score

Your Score History

You have not taken this quiz